Proceso contra Skinner /

Salvato in:
Dettagli Bibliografici
Autore principale: Chomsky, Noam (autor)
Altri autori: Pérez de Lara, Nuria (traducción) (traducción)
Natura: Libro
Lingua:spagnolo
Pubblicazione: Barcelona, España : Anagrama, 1974, c1974
Serie:(Cuadernos Anagrama ; Psicología) 64.
Soggetti:
Tags: Aggiungi Tag
Nessun Tag, puoi essere il primo ad aggiungerne!!

MARC

LEADER 00000nam^a2200000^a^4500
001 000391217
005 20250521000000.0
009 20260310121207.891
020 |a 84-339-0364-0 
037 |a Acervo ITESO - Biblioteca 
041 |a ESP 
082 |a 150. 1  |b CHO 
100 |a Chomsky, Noam  |e (autor) 
240 1 1 |a [Proceso contra Skinner] 
245 1 0 |a Proceso contra Skinner /  |c N. Chomsky ; tr. por N. Pérez de Lara. 
264 4 |a Barcelona, España :  |b Anagrama,  |c 1974, c1974 
300 |a 54 p. 
336 |a texto  |b txt  |2 rdacontenido 
337 |a sin mediación  |b n  |2 rdamedio 
338 |a volumen  |b nc  |2 rdasoporte 
440 1 |a (Cuadernos Anagrama ;  |v 64.  |p Psicología) 
500 |a Traducción de: The Case against B.F. Skinner 
649 |a XX 
650 |a Psicólogos Norteamericanos 
650 |a Conductismo -  |x Historia y Crítica 
650 |a Psicolingüística -  |x Historia 
650 |a Psicología -  |z EUA -  |x Historia -  |y Siglo XX 
650 |a Psicología -  |x Historia -  |y Siglo XX 
650 |a Psicología -  |x Teoría 
650 |a Skinner, Burrhus Frederic -  |x Tema Principal 
700 |a Pérez de Lara, Nuria  |e (traducción) 
910 |a Fondo General 
920 |a Impresos - Libros 
930 |a Colección General 
905 |a 101 
901 |a 0500285940  |b IT1  |c ACC  |i D83512  |u 20250521 
902 |a https://opac.biblio.iteso.mx/vufind/Record/000391217